Transformers analysis, design, and measurement (Record no. 575986)
[ view plain ]
| 000 -LEADER | |
|---|---|
| fixed length control field | 00658nam a22001817a 4500 |
| 003 - CONTROL NUMBER IDENTIFIER | |
| control field | CEME |
| 005 - DATE AND TIME OF LATEST TRANSACTION | |
| control field | 20210628204036.0 |
| 008 - FIXED-LENGTH DATA ELEMENTS--GENERAL INFORMATION | |
| fixed length control field | 210107b xxu||||| |||| 00| 0 eng d |
| 020 ## - INTERNATIONAL STANDARD BOOK NUMBER | |
| International Standard Book Number | 9781466508248 |
| 040 ## - CATALOGING SOURCE | |
| Transcribing agency | ceme |
| 082 ## - DEWEY DECIMAL CLASSIFICATION NUMBER | |
| Classification number | 621.314 TRA |
| 100 ## - MAIN ENTRY--PERSONAL NAME | |
| Personal name | Lopez-Fernandez, Xose M, Ertan, H. Bulent, Turowski, Janusz Ashby, Michael F, Ferreira, Paulo J, Schodek, Daniel L |
| 9 (RLIN) | 68394 |
| 245 ## - TITLE STATEMENT | |
| Title | Transformers analysis, design, and measurement |
| 260 ## - PUBLICATION, DISTRIBUTION, ETC. | |
| Place of publication, distribution, etc. | LONDON |
| Name of publisher, distributor, etc. | CRC PRESS |
| Date of publication, distribution, etc. | 2013 |
| 300 ## - PHYSICAL DESCRIPTION | |
| Extent | XIV, 609P |
| 650 ## - SUBJECT ADDED ENTRY--TOPICAL TERM | |
| Topical term or geographic name entry element | ELECTRIC TRANSFORMERS DESIGN. POWER TRANSFROMERS.TRANSFORMERS DESIGN. TRANSFORMERS ANALYSIS AND MEASUREMENT. |
| 9 (RLIN) | 68395 |
| 942 ## - ADDED ENTRY ELEMENTS (KOHA) | |
| Koha item type | Book |
| Source of classification or shelving scheme | |
| Withdrawn status | Lost status | Damaged status | Not for loan | Permanent Location | Current Location | Shelving location | Date acquired | Total Checkouts | Full call number | Barcode | Date last seen | Price effective from | Koha item type |
|---|---|---|---|---|---|---|---|---|---|---|---|---|---|
| College of Electrical & Mechanical Engineering (CEME) | College of Electrical & Mechanical Engineering (CEME) | General Stacks | 08/02/2017 | 621.314 TRA | CEME-46583 | 06/28/2021 | 06/28/2021 | Book | |||||
| College of Electrical & Mechanical Engineering (CEME) | College of Electrical & Mechanical Engineering (CEME) | General Stacks | 08/02/2017 | 621.314 TRA | CEME-46774 | 06/28/2021 | 06/28/2021 | Book |
